Online Catalogue and eLibrary

Socio-Economic Political Status and Women and Law in Pakistan (Record no. 5888)

MARC details
000 -LEADER
fixed length control field 00542nam a22002057a 4500
005 - DATE AND TIME OF LATEST TRANSACTION
control field 20240610070715.0
008 - FIXED-LENGTH DATA ELEMENTS--GENERAL INFORMATION
fixed length control field 240610b |||||||| |||| 00| 0 eng d
082 ## - DDC Classification
DDC Edition Number 22
Class No. 348
Item Number - Author Mark SOC
100 ## - MAIN ENTRY--PERSONAL NAME
Personal name Patel, Rashida
245 ## - TITLE STATEMENT
Title Socio-Economic Political Status and Women and Law in Pakistan
Statement of responsibility, etc. Rashida, Patel
260 ## - PUBLICATION, DISTRIBUTION, ETC.
Place of publication, distribution, etc. Karachi
Name of publisher, distributor, etc. Faiza Publishers
Date of publication, distribution, etc. 1991
300 ## - PHYSICAL DESCRIPTION
Extent (e.g. Volumes, Pages etc.) iii, 270 p .,
650 ## - SUBJECT ADDED ENTRY--TOPICAL TERM
Topical term or geographic name entry element Woman
650 ## - SUBJECT ADDED ENTRY--TOPICAL TERM
Topical term or geographic name entry element political
650 ## - SUBJECT ADDED ENTRY--TOPICAL TERM
Topical term or geographic name entry element Social
650 ## - SUBJECT ADDED ENTRY--TOPICAL TERM
Topical term or geographic name entry element Economic
650 ## - SUBJECT ADDED ENTRY--TOPICAL TERM
Topical term or geographic name entry element Laws
650 ## - SUBJECT ADDED ENTRY--TOPICAL TERM
Topical term or geographic name entry element Muslim Laws of Marriage
942 ## - Koha item type (Biblio)
Koha item type Books in Stacks (Lending)
Holdings
Lost status Damaged status Collection code Home library Current library Date acquired Full call number Accession Number Item type
    Lending WERC Library WERC Library 06/10/2024 348 SOC 6885 Books in Stacks (Lending)

© WERC Library